LEADER 00960nam a2200253 a 4500 001 000000167117 003 CaOOAMICUS 005 20180416145451.0 008 180416s1975 it u000 u ita u 032 $aLibriCat 040 $aPUL$bita 100 1 $aSantoni Rugiu, Antonio,$d1921-$0(OLS)http://pul/name/57906 245 12$aL'educazione estetica / $cAntonio Santoni Rugiu. 260 $aRoma :$bEditori Riuniti,$c1975. 300 $a199 p. ;$c19 cm. 490 1 $aPaideia ;$v38 650 04$aCreatività.$0(OLS)http://pul/subject/4404 830 0$aPaideia (Editori Riuniti) ;$v38.$0(OLS)http://pul/title/138488 850 $aPUL 852 $aPUL$W1$xDP1 Fondo Dalla Palma$y117$m2 B 72$j156789$qFondi$B194658$CPULBib$Z2$F194658 $HDal2566 $81 941 1 $a1 996 $6245$aL'educazione estetica / $9(OLS)http://pul/title/206989 996 $6260$aRoma :$bEditori Riuniti$9(OLS)http://pul/publisher/54152 LEADER 01345nam a2200325 a 4500 001 000000176862 003 CaOOAMICUS 005 20240523152241.0 008 240523s2012 it u000 u ita r 020 $a978-88-13-32233-5 032 $aLibriCat 040 $aPUL$bita 082 04$a345.45 100 1 $aDiddi, Alessandro,$d1965-$0(OLS)http://pul/name/113674 245 10$aTestimonianza e segreti professionali /$cAlessandro Diddi. 260 $a[Milano] :$bCEDAM,$c2012. 300 $aXI, 231 p. ;$c24 cm 490 1 $aProblemi attuali della giustizia penale ;$v49 504 $aBibliografia in nota. 650 4$aSegreto professionale.$0(OLS)http://pul/subject/18106 650 4$aDiritto penale$zItalia.$0(OLS)http://pul/subject/10217 830 0$aProblemi attuali della giustizia penale ;$v49.$0(OLS)http://pul/title/136569 850 $aPUL 852 $aPUL$W1$xSL Diritto e Scienze Sociali 3$y79$m345. 45 DIDAL 1$j200864$qDDC 21$B205821$CPULBib$Z2$F205821 $H137047 $82 941 1 $a9 996 $6020$a978-88-13-32233-5$9(OLS)http://pul/number/155345 996 $6082$a345.45$9(OLS)http://pul/classification/371 996 $6245$aTestimonianza e segreti professionali$9(OLS)http://pul/title/218359 996 $6260$a[Milano] :$bCEDAM$9(OLS)http://pul/publisher/66525